| 000 | 01780nam a2200361 a 4500 | ||
|---|---|---|---|
| 001 | 000043476 | ||
| 003 | DO-SdBNP | ||
| 005 | 20240530073936.0 | ||
| 008 | 140319s2013 dr r 000 0 spa d | ||
| 020 | _a9789945412918 | ||
| 040 |
_aDO-SdBNP _bspa _cBNPHU |
||
| 082 |
_aRD864.508 _bD542f |
||
| 100 | 1 |
_aDíaz, Ramón Leonardo _971169 |
|
| 245 | 1 | 3 |
_aLa filosofía y los espacios de libertad : _by otros ensayos / _cRamón Leonardo Díaz, Pauline Kulstad González, Juan de la Cruz. |
| 260 |
_aSanto Domingo : _bFUNGLODE, _c2013. |
||
| 300 |
_a227 p. ; _c23 cm. |
||
| 490 | 1 | _aPremio FUNGLODE de Ensayo Pedro Francisco Bonó | |
| 504 | _aIncluye bibliografía y notas al pie de páginas y al final de capítulos. | ||
| 504 | _aBibliografía p: 223-227 | ||
| 505 | 0 |
_tLa filosofía y los espacios de libertad / _rRamón Leonardo Díaz -- _tInteracción y organización social en el período colonial temprano: el caso de Concepción de la Vega (1495-1564) / _rPauline Kulstad González -- _tLa filosofía política y jurídica de Juan Pablo Duarte / _rJuan de la Cruz. |
|
| 586 | _aPremios FUNGLODE/GFDD de Ensayo Pedro Francisco Bonó 2012. | ||
| 600 | 1 | 0 |
_aDuarte, Juan Pablo, _d1813-1876 _91494 |
| 650 | 0 |
_aEnsayos dominicanos _965 |
|
| 650 | 4 |
_aFilosofía dominicana _xEnsayos, conferencias, etc. _937141 |
|
| 650 | 0 |
_aLiteratura dominicana. _967 |
|
| 651 | 4 |
_aLa Vega (República Dominicana{Rpara} _xHistoria _yGOBIERNO COLONIAL ESPAÑOL 1503-1795 _971170 |
|
| 700 | 1 | 2 |
_aKulstad González, Pauline, _d1971- _971171 |
| 700 | 1 | 2 |
_aCruz, Juan de la, _d1963- _971172 |
| 710 | 2 |
_aFundación Global Democracía y Desarrollo _925477 |
|
| 830 |
_aPremio FUNGLODE de Ensayo Pedro Francisco Bonó _971173 |
||
| 910 | _aValidado. Control de calidad. EMS | ||
| 942 |
_2ddc _cLBS1 |
||
| 999 |
_c42965 _d42965 |
||